| 000 | 00414nam a2200169Ia 4500 | ||
|---|---|---|---|
| 005 | 20250423094659.0 | ||
| 008 | 250422s9999 xx 000 0 und d | ||
| 020 | _a0- 03- 031264- 7 | ||
| 050 | _aQA 303 .B484/ | ||
| 100 | _aDennis D. Berkey | ||
| 245 | 0 | _aCalculus for management, social and life sciences | |
| 250 | _a2nd | ||
| 260 | _bSaunders college | ||
| 260 | _c1990 | ||
| 300 | _a427 p | ||
| 942 | _cBK | ||
| 999 |
_c27971 _d27971 |
||